000 00297nam a2200145Ia 4500
100 _aBraganza/ M.
650 _aGeneral
942 _cBK
654 _aI.Q.
245 _aCheck your I.Q.
260 _bNew Light publication
_aNew Delhi
082 _a153.93
300 _a164
546 _aENGLISH
999 _c27813
_d27813